Statistics for Countries by life expectancy

Click here to take the quiz!

General Stats

  • This quiz has been taken 7 times
  • The average score is 13 of 15

Answer Stats

HintAnswer% Correct
83.0Australia
100%
82.2Canada
100%
84.3Japan
100%
82.6Norway
100%
83.3South Korea
100%
82.4Sweden
100%
83.4Switzerland
100%
82.5France
86%
82.3Iceland
86%
83.0Italy
86%
82.4Luxembourg
86%
83.2Spain
86%
83.2Singapore
71%
83.1Cyprus
29%
82.6Israel
29%

Score Distribution

Percentile by Number Answered

Percent of People with Each Score

Your Score History

You have not taken this quiz